Born in Cincinnati/Ohio - Statistics

General Stats
  • This quiz has been taken 72 times
    18 since last reset
  • The average score is 10 of 28
Answer Stats
Hint Answer % Correct
27th President of the United States from 1909 to 1913 and Chief Justice from 1921 to 1930 1857 William Howard Taft
82%
Founder of the supermarket chain Kroger 1860 Bernard Kroger
73%
Director, "Schindler's List" "Jurassic Park" "Jaws" "Raiders of the Lost Ark" "Saving Private Ryan" 1946 Steven Spielberg
64%
Hall of Fame shortstop who played for the Cincinnati Reds from 1986 to 2004 1964 Barry Larkin
55%
Quarterback who plays for the Pittsburgh Steelers (former Seahawks and Broncos player) 1988 Russell Wilson
55%
Founder of CNN and TBS 1938 Ted Turner
55%
Electrical engineer and computer pioneer, father of a famous filmmaker 1917 Arnold Spielberg
45%
Member of a prominent wealthy family in the Cincinnati area and owner of FC Cincinnati 1953 Carl Lindner III
45%
Manager of the Cincinnati Reds from 2019 to 2024 1972 David Bell
45%
YouTuber, streamer and rapper with over 14 million subscribers on Youtube, "World Cup" "Ronaldo (Sewey)" "Shake" 2005 IshowSpeed
45%
Former middle linebacker who played for the Carolina Panthers and was named NFL Defensive Player of the Year 2013 1991 Luke Kuechly
45%
Hall of Fame quarterback who played for the Dallas Cowboys 1942 Roger Staubach
45%
Actor and singer, he had his own show and became a Western star, earning the nickname "King of the Cowboys" 1911 Roy Rogers
45%
Leader of the cult responsible for several murders, including the murder of Sharon Tate 1934 Charles Manson
36%
CEO of the Cincinnati Reds 1941 Bob Castellini
27%
Banker and activist, best known for his role in the savings and loan scandal of the late 1980s 1923 Charles Keating
27%
Actress and singer, she starred in her own sitcom and films like "Pillow Talk" or "The Man Who Knew Too Much" 1922 Doris Day
27%
Former tight end who played most notably for the Minnesota Vikings 1989 Kyle Rudolph
27%
College student who was imprisoned in North Korea and died soon after his release 1994 Otto Warmbier
27%
Soccer player who plays for OL Reign and the U.S. women's national team 1995 Rose Lavelle
27%
Co-chair of the Department of Government Efficiency since 2025 and former candiate for the Republican presidential nomination 1985 Vivek Ramaswamy
27%
Journalist and current co-anchor of "America's Newsroom" on Fox News 1964 Bill Hemmer
18%
Lead singer of The National 1971 Matt Berninger
18%
Activist, counterculture icon, co-founder of the Youth International Party and known for standing trial in the Chicago Seven case 1938 Jerry Rubin
9%
Secretary of Health and Human Services from 2009 to 2014 and Governor of Kansas from 2003 to 2009 1948 Kathleen Sebelius
9%
Actress, known for her roles as Lilly Rush in "Cold Case" and Lara Anderton in "Minority Report" 1969 Kathryn Morris
9%
Pulitzer Prize winning novelist, "The Hours" 1952 Michael Cunningham
9%
Senator from Ohio from 2011 until 2023 1955 Rob Portman
9%
No matching quizzes found
Score Distribution
Percent of People with Each Score
Percentile by Number Answered
Your Score History
You have not taken this quiz since the last reset